000 00349 a2200169 4500
001 190803
020 _a978-85-62549-12-0
040 _cMagnum
100 _aRennó, Regina
240 1 0 _aVila da onça
_lpor
245 1 0 _aVila da onça
300 _a22
362 0 _a2009
440 1 _aAbacatte
697 _aLITERATURA INFANTIL
942 _cBK
999 _c190803
_d190803